000 00704nam a2200289Ia 4500
005 20260324131002.0
008 008 260324s9999 xx 000 0 eng d
020 _a9780203040003
037 _aEBOOK
040 _aCRL
040 _beng
040 _cCRL
041 _2eng
041 _aeng
084 _qCRL
100 _aAnonymous Snaffle
_91183783
245 0 _aCamp Life and Sport in Dalmatia and the Herzegovina
245 4 _bThe Land of the Bora 1894-1896
260 _bTaylor and Francis
260 _c2006
365 _a
365 _b195
856 _uhttp://www.taylorfrancis.com/books/9780203040003
942 _cEBOOK
999 _c1780548
_d1780548